00889nam a22002537a 450000500170000000800410001702000150005804000560007304100080012906000160013710000180015324501210017125000100029226000580030230000180036065000170037865000170039565000320041265000400044465000280048465000210051265000390053376500630057220211025102941.0130821s1987 ag gr spa  a9500601915 aCO-BoUCMbspacJose A. Gerena (modificó)d[Nuevo]00aspa aWS 107.5 P71 aBobath, Berta10aActividad postural refleja anormal causada por lesiones cerebralescBerta Bobath ; Traducción de Mario A. Mariño a3a ed aBuenos Aires (Argentina)bMédica Panamericanac1987 a104 páginas07aFisioterapia07aNeurología07aNiños con daño cerebral07aPostura humana infantilxDesordenes07aReflejos (Fisiología)07aRehabilitación07aTrastornos psicomotores en niños1 aAbnormal postural reflex activity caused by brain lesions.